| 000 | 00904nam a2200301 i 4500 | ||
|---|---|---|---|
| 001 | 10604 | ||
| 003 | ES-MaACL | ||
| 005 | 20230906145923.0 | ||
| 007 | t| | ||
| 008 | 890123s1988 sp ||||0| spa j ..| | ||
| 015 | _a1989-FEB-2875 | ||
| 016 | 7 | _zSAB9000039453 | |
| 020 | _a84-206-2531-0 | ||
| 040 |
_aM-BN-DP _bspa _cM-BN-DP |
||
| 080 | _a316.37 | ||
| 080 | _a316.621 | ||
| 100 | 1 |
_aBéjar, Helena. _927083 |
|
| 245 | 1 | 3 |
_aEl Ambito íntimo _b: (privacidad, individualismo y modernidad) / _cHelena Béjar. |
| 260 |
_aMadrid : _bAlianza Editorial, _cD.L. 1988. |
||
| 300 |
_a261 p ; _c20 cm. |
||
| 490 | 1 |
_aAlianza universidad ; _v531 |
|
| 504 | _aBibliografía: p. 247-257. Indice. | ||
| 650 | 1 | 4 |
_aIndividualismo. _913708 |
| 650 | 1 | 4 |
_aIndividuo y sociedad. _9178816 |
| 830 | 0 |
_aAlianza universidad ; _v531 _9177276 |
|
| 852 |
_aES-MaACL _jL-17981 _bR.123976 |
||
| 999 |
_c10604 _d10604 |
||